[Event "Basarrate Memorial"]
[Site "Havana"]
[Date "2009.11.19"]
[Round "13"]
[White "Fernandez Fernandez, German"]
[Black "Casal Roses, Alfredo"]
[Result "1/2-1/2"]
[WhiteElo "2304"]
[BlackElo "2212"]
[PlyCount "60"]
[EventDate "2009.11.08"]
[EventType "tourn"]
[EventRounds "18"]
[EventCountry "CUB"]
[SourceTitle "EXT 2011"]
[Source "ChessBase"]
[SourceDate "2010.11.26"]
[SourceVersion "1"]
[SourceVersionDate "2010.11.26"]
[SourceQuality "1"]

1. e4 e5 2. Nf3 Nc6 3. Bb5 a6 4. Ba4 Nf6 5. 0-0 Be7 6. Re1 b5 7. Bb3 d6 8. c3 0-0 9. d4 Bg4 10. Be3 exd4 11. cxd4 Na5 12. Bc2 c5 13. dxc5 dxc5 14. Nbd2 Nc6 15. Rc1 Nd7 16. h3 Bh5 17. Bb1 Rc8 18. b3 Re8 19. Qc2 Bxf3 20. Nxf3 Nce5 21. Nxe5 Nxe5 22. Red1 Qa5 23. Rd5 Ng6 24. Rcd1 b4 25. e5 Rcd8 26. Rxd8 Rxd8 27. Rxd8+ Qxd8 28. Qd3 Qxd3 29. Bxd3 a5 30. Bxg6 fxg6 1/2-1/2

[Event "Basarrate Memorial"]
[Site "Havana"]
[Date "2009.11.14"]
[Round "7"]
[White "Alarcon Casellas, Rolando"]
[Black "Casal Roses, Alfredo"]
[Result "1/2-1/2"]
[WhiteElo "2399"]
[BlackElo "2212"]
[PlyCount "55"]
[EventDate "2009.11.08"]
[EventType "tourn"]
[EventRounds "18"]
[EventCountry "CUB"]
[SourceTitle "EXT 2011"]
[Source "ChessBase"]
[SourceDate "2010.11.26"]
[SourceVersion "1"]
[SourceVersionDate "2010.11.26"]
[SourceQuality "1"]

1. d4 d5 2. c4 c6 3. Nc3 Nf6 4. cxd5 cxd5 5. Nf3 g6 6. Bf4 Bg7 7. e3 0-0 8. Be2 Nc6 9. 0-0 Nh5 10. Be5 f6 11. Bg3 Nxg3 12. hxg3 Be6 13. Qb3 Na5 14. Qb4 Bf7 15. Rfd1 e6 16. e4 Rb8 17. Qa3 b5 18. b4 Nc4 19. Qxa7 Ra8 20. Qb7 Rb8 21. Qa6 Qd7 22. exd5 exd5 23. Bxc4 bxc4 24. a3 Ra8 25. Qb6 Rab8 26. Qa5 Ra8 27. Qb6 Rab8 28. Qa5 1/2-1/2